Văn hóa dân gian làng Liên Trì (huyện Yên Thành - tỉnh Nghệ An)
Giới thiệu lịch sử địa lí, con người làng Liên Trì, văn hóa dân gian làng Liên Trì.
Sparad:
| Huvudupphovsman: | |
|---|---|
| Materialtyp: | Bok |
| Språk: | Undetermined |
| Publicerad: |
Hà Nội
Lao động
2011
|
| Ämnen: | |
| Taggar: |
Lägg till en tagg
Inga taggar, Lägg till första taggen!
|
| Thư viện lưu trữ: | Trung tâm Học liệu Trường Đại học Cần Thơ |
|---|
| LEADER | 00811nam a2200205Ia 4500 | ||
|---|---|---|---|
| 001 | CTU_170466 | ||
| 008 | 210402s9999 xx 000 0 und d | ||
| 082 | |a 398.0959742 | ||
| 082 | |b H104 | ||
| 100 | |a Phan, Bá Hàm | ||
| 245 | 0 | |a Văn hóa dân gian làng Liên Trì (huyện Yên Thành - tỉnh Nghệ An) | |
| 245 | 0 | |c Phan Bá Hàm, Nguyễn Tâm Cẩm | |
| 260 | |a Hà Nội | ||
| 260 | |b Lao động | ||
| 260 | |c 2011 | ||
| 520 | |a Giới thiệu lịch sử địa lí, con người làng Liên Trì, văn hóa dân gian làng Liên Trì. | ||
| 650 | |a Folklore,Văn hóa dân gian | ||
| 650 | |z Vietnam,Lien Tri,Việt Nam,Làng Liên Trì (tỉnh Nghệ An) | ||
| 904 | |i Năm | ||
| 980 | |a Trung tâm Học liệu Trường Đại học Cần Thơ | ||